| 000 | 00632nam a2200253Ia 4500 | ||
|---|---|---|---|
| 001 | AUWbook002399 | ||
| 003 | BDCtgAUW | ||
| 005 | 20260406155203.0 | ||
| 008 | 220908s9999 xx 000 0 eng d | ||
| 020 | _a0460010069 | ||
| 040 |
_aBDCtgAUW _cBDCtgAUW |
||
| 050 | _aPR603.H52U6 | ||
| 100 | 1 |
_aThomas Dylan. _914764 |
|
| 245 | 0 |
_aUnder milk wood : _bplay for voices / |
|
| 260 |
_aLondon : _bEveryman's Library, _c1975. |
||
| 300 | _a82 pages. | ||
| 650 | 0 | _aEnglish literature. | |
| 650 | 0 | _aPlay. | |
| 700 | 1 |
_aJones, Daniel, Preface. _914767 |
|
| 887 |
_a BRAC _22982 |
||
| 888 | _22982 | ||
| 942 |
_cBK _00 |
||
| 945 | _cBK | ||
| 999 |
_c17970 _d17970 |
||